Normal view
MARC view
- Bouazza, Abdelmalek
Entry Personal Name
001 - CONTROL NUMBER
- control field: 90437
003 - CONTROL NUMBER IDENTIFIER
- control field: NUST
005 - DATE AND TIME OF LATEST TRANSACTION
- control field: 20220307164848.0
008 - FIXED-LENGTH DATA ELEMENTS
- fixed length control field: 220307|| aca||aabn | a|a d
040 ## - CATALOGING SOURCE
- Original cataloging agency: NUST
- Transcribing agency: NUST
100 ## - HEADING--PERSONAL NAME
- Personal name: Bouazza, Abdelmalek
670 ## - SOURCE DATA FOUND
- Source citation: Work cat.: (NUST)0: Geosynthetic clay liners for waste containment facilities /, c2010.
